Noms de communes françaises les plus longs de A à Z - Statistiques

Statistiques générales
  • Ce quiz a été pris 4 fois
  • Le résultat moyen est 2 sur 26
Statistiques - réponses
Initiale Nombre de lettres Commune % Correct
S 38 Saint-Remy-en-Bouzemont-Saint-Genest-et-Isson
50%
A 32 Angoustrine-Villeneuve-des-Escaldes
25%
J 32 Javerlhac-et-la-Chapelle-Saint-Robert
25%
L 34 La Vacquerie-et-Saint-Martin-de-Castries
25%
X 17 Xivray-et-Marvoisin
25%
Z 12 Zegerscappel
25%
B 38 Beaujeu-Saint-Vallier-Pierrejux-et-Quitteur
0%
C 29 Crevans-et-la-Chapelle-lès-Granges
0%
D 30 Durfort-et-Saint-Martin-de-Sossenac
0%
E 33 Escueillens-et-Saint-Just-de-Bélengard
0%
F 32 Fontenille-Saint-Martin-d'Entraigues
0%
G 26 Goudelancourt-lès-Pierrepont
0%
H 24 Haut-du-Them-Château-Lambert
0%
I 25 Ingrandes-le-Fresne-sur-Loire
0%
K 19 Kaysersberg Vignoble
0%
M 36 Montigny-Mornay-Villeneuve-sur-Vingeanne
0%
N 25 Neunkirchen-lès-Bouzonville
0%
O 27 Ouroux-sous-le-Bois-Sainte-Marie
0%
P 27 Pont de Montvert - Sud Mont Lozère/Polaincourt-et-Clairefontaine
0%
Q 21 Quettreville-sur-Sienne
0%
R 34 Roche-sur-Linotte-et-Sorans-les-Cordiers
0%
T 28 Treigny-Perreuse-Sainte-Colombe
0%
U 18 Usclades-et-Rieutord
0%
V 33 Villeneuve-Saint-Vistre-et-Villevotte
0%
W 24 Wingersheim les Quatre Bans/Wœlfling-lès-Sarreguemines
0%
Y 17 Yvrac-et-Malleyrand/Ygos-Saint-Saturnin
0%
Aucun quiz correspondant
Distribution des résultats
% des personnes avec chaque résultat
Percentile par nombre de réponses
Votre historique - résultats
Vous n’avez pas pris ce quiz